|
|
|
|
| LEADER |
00000nam a22000007a 4500 |
| 008 |
240412b |||||||| |||| 00| 0 eng d |
| 020 |
|
|
|a 9780367573621
|
| 100 |
|
|
|a CHONKROKTA, Surender S.
|
| 245 |
|
|
|a Science and strategies for safe food
|c / Surender S. Ghonkrokta
|g xix, 222p;ill
|
| 260 |
|
|
|b CRC Press
|c 2017
|h Boca Raton
|i 700912
|i 700913
|l TX531.G34
|m Food adulteration and inspection.
|m Food contamination--Prevention
|m Food industry and trade--Quality control
|m Food security
|
| 500 |
|
|
|a it includes references and index
|
| 942 |
|
|
|a lcc
|c BK
|e Johnson
|f 12/04/24
|
| 952 |
|
|
|0 0
|1 0
|2 lcc
|4 0
|6 TX0531 G34
|7 0
|9 5040
|a TL
|b HOL
|c QZ
|d 2024-04-12
|l 0
|o TX531.G34
|p 2024-0290
|r 2024-04-12 00:00:00
|t 700912
|w 2024-04-12
|y BK
|
| 952 |
|
|
|0 0
|1 0
|2 lcc
|4 0
|6 TX0531 G34
|7 0
|9 5041
|a HOL
|b HOL
|c QZ
|d 2024-04-12
|l 0
|o TX531.G34
|p 2024-0291
|r 2024-04-12 00:00:00
|t 700913
|w 2024-04-12
|y BK
|
| 999 |
|
|
|c 2503
|d 2503
|